[Event "15th Rubinstein Memorial"]
[Site "Polanica Zdroj POL"]
[Date "1977.08.25"]
[Round "17"]
[White "Gulko, Boris"]
[Black "Kirov, Nino"]
[Result "1-0"]
[WhiteElo "2585"]
[BlackElo "2435"]
[EventDate "1977.08.05"]
[PlyCount "80"]

1.d4 Nf6 2.c4 g6 3.Nc3 d5 4.Nf3 Bg7 5.Qb3 dxc4 6.Qxc4 O-O 7.e4 a6 8.Be2 b5
9.Qb3 c5 10.dxc5 Be6 11.Qc2 Qc7 12.Nd4 Bc4 13.Be3 e5 14.Nb3 Nc6 15.O-O 
Rad8 16.Bxc4 bxc4 17.Nd2 Nd4 18.Qa4 Qxc5 19.Qxc4 Qd6 20.Nb3 Rc8 21.Qa4 Ng4
22.Rad1 Rfd8 23.Nd5 f5 24.f3 Nxe3 25.Nxe3 Qb6 26.Nxd4 Rxd4 27.Rxd4 exd4 
28.Nd5 Qd6 29.Qb3 Kh8 30.Qd3 Qe5 31.Qxa6 Re8 32.Re1 d3 33.Qxd3 Qxb2 34.a4 
fxe4 35.fxe4 Ra8 36.Kh1 Rxa4 37.Nc7 Rd4 38.Qf3 Rd8 39.Ne6 Rg8 40.Rd1 Qe5 
1-0

[Event "15th Rubinstein Memorial"]
[Site "Polanica Zdroj POL"]
[Date "1977.08.25"]
[Round "17"]
[White "Vogt, Lothar"]
[Black "Diesen, Mark"]
[Result "1/2-1/2"]
[WhiteElo "2495"]
[BlackElo "2360"]
[EventDate "1977.08.05"]
[PlyCount "40"]

1.e4 c6 2.d4 d5 3.Nc3 dxe4 4.Nxe4 Nd7 5.Nf3 Ngf6 6.Ng3 e6 7.Bd3 c5 8.O-O 
cxd4 9.Nxd4 Bc5 10.Nb3 Be7 11.Re1 b6 12.Qf3 Rb8 13.Bf4 Bb7 14.Ne4 e5 15.
Bg3 O-O 16.Rad1 Qc8 17.Qf5 g6 18.Nxf6+ Bxf6 19.Qg4 h5 20.Qh3 Rd8 1/2-1/2